Forty years with general electric
Đã lưu trong:
| Hovedforfatter: | |
|---|---|
| Format: | Bog |
| Sprog: | Undetermined |
| Udgivet: |
Albany
Fort Orange Press
1929
|
| Fag: | |
| Tags: |
Tilføj Tag
Ingen Tags, Vær først til at tagge denne postø!
|
| Thư viện lưu trữ: | Trung tâm Học liệu Trường Đại học Cần Thơ |
|---|
| LEADER | 00496nam a2200181Ia 4500 | ||
|---|---|---|---|
| 001 | CTU_84496 | ||
| 008 | 210402s9999 xx 000 0 und d | ||
| 082 | |a 621.3 | ||
| 082 | |b B863 | ||
| 100 | |a Broderick, John T. | ||
| 245 | 0 | |a Forty years with general electric | |
| 245 | 0 | |c John T. Broderick | |
| 260 | |a Albany | ||
| 260 | |b Fort Orange Press | ||
| 260 | |c 1929 | ||
| 650 | |a General electric company | ||
| 904 | |i Qhieu(sửa) | ||
| 980 | |a Trung tâm Học liệu Trường Đại học Cần Thơ | ||